00844nam a2200193 a 450000100100000000500170001000800410002704000250006808200100009310000400010324500940014326000950023730000200033249000480035283000550040004900090045595201690046499900170063300003092920200930062609.0090907s1950 dr 000 0 spa d aDO-SdBNPbspacBNPHU bT233p1 aSánchez y Sánche, Carlos95744510aPor los fueros de las dos Universidades de La Española /cCarlos Sánchez y Sánchez. aCiudad Trujillo, República Dominicana :bUniversidad Autónoma de Santo Domingo,c1950. a32 p. ;c24 cm.1 aUniversidad Autónoma de Santo Domingov79 0aUniversidad Autónoma de Santo Domingov79917164 aBNPD 001050718RVaPDbPDcHDd2011-06-07iLF1l0o T233pp30929-10r2020-06-25w2020-06-25y1zPerteneció a la biblioteca personal de Martínez Boog.ZNo se presta c30421d30421